Score 0/22 Timer 09:00
0 Plays Today
Year Ended Show % Correct
Ended in 2011Hannah Montana
85.5%
Still RunningWizards of Waverly Place
75.9%
Ended 2011Suite Life on Deck
71.1%
Ended 2007That's So Raven
70.7%
Ended 2008Suite Life of Zack and Cody
68.4%
Ended 2011Sonny with a Chance
58.6%
Still RunningPhineas and Ferb
55.7%
Still RunningGood Luck Charlie
50.7%
Ended 2008Cory in the House
48.5%
Ended 2007Kim Possible
39.2%
Still RunningShake It Up
39.2%
Year Ended Show % Correct
Ended 2010JONAS LA
32%
Ended 2006Phil of the Future
30%
Still RunningA.N.T Farm
27.8%
Still RunningSo Random
24.4%
Ended 2009Life with Derek
21.4%
Still RunningFish Hooks
19%
Ended 2009The Replacements
16.5%
Ended 2007American Dragon:Jake Long
13.1%
Ended 2008The Emperor's New School
12.1%
Ended 2006Buzz on Maggie
7.3%
Still RunningMy Babysitters a Vampire
3.7%
Remove Ads.
Support Sporcle.
Get the best of Sporcle when you Go Orange. This ad-free experience offers more features, more stats, and more fun while also helping to support Sporcle. Thank you for becoming a member.

You're not logged in!

Compare scores with friends on all Sporcle quizzes.
OR
Log In

Show Comments

Extras

Created Sep 27, 2009ReportNominate
Tags:Disney Quiz, Show Quiz, channel

Top Quizzes Today


Score Distribution

Your Account Isn't Verified!

In order to create a playlist on Sporcle, you need to verify the email address you used during registration. Go to your Sporcle Settings to finish the process.

Report this User

Report this user for behavior that violates our Community Guidelines.

Details: